• 首页
  • 本馆介绍
  • 公告通知
  • 最新文献
  • 馆藏检索
  • 电子资源
  • 读者导购
  • 参考咨询
  • 我的图书馆
  • 登录
  • 详细信息显示
  • 放入我的书架
  • 预约/预借图书
  • 作者相关作品
  • 分类相关作品
  • 丛书相关作品
  • 出版社相关作品

书目信息

  • 表格格式
  • 工作单格式
  • 卡片格式
题名:
破译『圣经』
    
 
作者: 苏拉米·莫莱(美)
分册:  
出版信息: 长春   吉林摄影出版社  1999
页数: 405页
开本: 20cm
丛书名:
单 册:
中图分类: K86
科图分类:
主题词: 文物--考古--世界
电子资源:
ISBN: 7-80606-174-6
000 00551nam0 2200193 450
001 1537731827
005 20150124103303.21
010    @a7-80606-174-6@dCNY26.00
100    @a20150124d1999 km y0chiy0120 ea
101 0  @achi
102    @aCN
200 1  @a破译『圣经』@Apo yi『sheng jing』@f苏拉米·莫莱(美)@Fsu la mi·mo lai(mei)
210    @a长春@c吉林摄影出版社@d1999
215    @a405页@d20cm
606 0  @a文物@x考古@x世界
690    @aK86@v4
701  0 @a苏拉米·莫莱(美)@Asu la mi·mo lai(mei)
801  0 @aCN@bTSSF@c20150124
905    @aZUCC@dK86@eJY2
    
    破译『圣经』/苏拉米·莫莱(美).-长春:吉林摄影出版社,1999
    405页;20cm
    
    
    ISBN 7-80606-174-6:CNY26.00
    
●
相关链接 在E读中查询图书 在五车中查询图书 在当当中查询图书 在豆瓣中查询图书


正题名:破译『圣经』     索取号:K86/JY2         预约/预借

序号 登录号 条形码 馆藏地/架位号 状态 备注
1 7843481   278434810   学院路分馆/ [索取号:K86/JY2] 在馆    
2 7843482   278434829   学院路分馆/ [索取号:K86/JY2] 在馆    
3 7843483   278434838   学院路分馆/ [索取号:K86/JY2] 在馆    
4 7843484   278434847   学院路分馆/ [索取号:K86/JY2] 在馆    
唐山师范学院图书馆 欢迎您!
大连网信软件有限公司© 版权所有